1671 1003 1792 1715 1739 1507 1354 1315 1508 1693 1312 1392 1355 1507 1428 1872 1379 1195 1231 1921 1132 1245 1949 1427 1909 1963 1046 1855 1027 1241 1134 1555 1989 1685 1661 1191 1032 1279 1998 1438 1827 1125 1756 1274 1342 1238 1629 1992 1543 1838 1280 1997 1466 1293 1983 1368 1131 1681 1474 1670 1471 1294 1701 1717 1961 1448 1584 1554 1720 1513 1579 1511 1375 1598 1147 1667 1176 1718 1246 1121 1990 1449 1013 1624 1850 1436 1018 1139 1139 1244 1004 1905 1873 1058 1056 1326 1749 1619 1777 BCNSPRNW ULIB Ver.6.0+V

เปลี่ยนเป็นภาษาไทย

Change to English
 แสดงรายละเอียดบรรณานุกรม
  กลับหน้าหลัก

Brief Record : Get Marc (ISO 2709) : E-mail record : QR code < ปิดหน้าต่าง
LEADER : 00000nam 2200000uu 4500
001    13399114237
003     ULIB
008    110627s||||||||th 000 0 tha d
020    9789749899229
090    นว.^bย731ค 2550
100 0  โยโคมิโซะ เซซิ
245 00 คินดะอิจิยอดนักสืบ ตอนที่ 1 หมู่บ้านแปดหลุมศพ/^cโยโคมิโซะ เซซิ
250    พิมพ์ครั้งที่ 9
260    กรุงเทพฯ :^bBLISS publishing,^c2553
300    274 หน้า
710 1  BLISS publishing
945    ^p199^l0^i022056
995    ทศพร
999 ^a ใช้งานได้ทุกระบบ
รายการนี้ยังไม่มีแท็ก
คุณยังไม่ได้ล็อกอิน คุณสามารถมีกิจกรรมร่วมกับเว็บไซต์ได้ แต่ต้องล็อกอินก่อน ::
  ล็อกอิน

รายการสื่อสารสนเทศ

ลำดับที่ ประเภท เลขเรียก/บาร์โค้ด สถานที่ สถานะ
1. นวนิยาย
นวนิยาย
นว. ย731ค 2550 ฉ.1 
  Barcode: 022056
ห้องสมุดวิทยาเขตสวรรค์ประชารักษ์
►นวนิยาย
บนชั้น
  ขอยืม

รายการใกล้เคียง
    ผู้แต่ง [โยโคมิโซะ เซซิ]

BibComment


ยังไม่เคยถูกคอมเมนท์

คอมเมนท์ทรัพยากรรายการนี้
  คอมเมนท์: คินดะอิจิยอดนักสื..


 Copyright 2026. Bcnsprnw @Library